Исследование возможности применения акустических колебаний для передачи информации по волноводу; Современные техника и технологии; Т. 1

Bibliografske podrobnosti
Parent link:Современные техника и технологии=Modern Technique and Technologies: IX Международная научно-практическая конференция студентов, аспирантов и молодых ученых, г. Томск, 7-11 апреля 2003 г./ Томский политехнический университет; отв. ред. А. С. Заворин.— , 2003-
Т. 1.— 2003.— С. 153-154
Glavni avtor: Губарев Ф. А. Фёдор Александрович
Drugi avtorji: Солдатов А. И. Алексей Иванович
Jezik:ruščina
Izdano: 2003
Teme:
Format: MixedMaterials Book Chapter
KOHA link:https://koha.lib.tpu.ru/cgi-bin/koha/opac-detail.pl?biblionumber=117506

MARC

LEADER 00000naa2a2200000 4500
001 117506
005 20240209130638.0
035 |a (RuTPU)RU\TPU\book\127190 
090 |a 117506 
100 |a 20070604d2003 k y0rusy50 ca 
101 0 |a rus 
102 |a RU 
200 1 |a Исследование возможности применения акустических колебаний для передачи информации по волноводу  |f Ф. А. Губарев, А. И. Солдатов 
320 |a Библиогр.: 2 назв. 
461 1 |0 (RuTPU)RU\TPU\book\64647  |t Современные техника и технологии  |l Modern Technique and Technologies  |o IX Международная научно-практическая конференция студентов, аспирантов и молодых ученых, г. Томск, 7-11 апреля 2003 г.  |o труды : в 2 т.  |f Томский политехнический университет; отв. ред. А. С. Заворин  |d 2003- 
463 1 |0 (RuTPU)RU\TPU\book\64489  |y 5-98298-037-4  |t Т. 1  |v С. 153-154  |d 2003  |p 321 с. 
610 1 |a акустические колебания 
610 1 |a колебания 
610 1 |a передача информации 
610 1 |a волноводы 
610 1 |a нефтепроводы 
610 1 |a магистральные нефтепроводы 
610 1 |a труды учёных ТПУ 
700 1 |a Губарев  |b Ф. А.  |c специалист в области электроники  |c доцент Томского политехнического университета, кандидат физико-математических наук  |f 1979-  |g Фёдор Александрович  |3 (RuTPU)RU\TPU\pers\25668  |9 11579 
701 1 |a Солдатов  |b А. И.  |c специалист в области электроники  |c профессор Томского политехнического университета, доктор технических наук  |f 1958-  |g Алексей Иванович  |3 (RuTPU)RU\TPU\pers\25907  |4 070  |9 11758 
801 1 |a RU  |b 63413507  |c 20070604  |g PSBO 
801 2 |a RU  |b 63413507  |c 20140601  |g RCR 
942 |c BK